Morden speed maths/ (Record no. 105791)

MARC details
000 -LEADER
fixed length control field 00590nam a22002057a 4500
005 - DATE AND TIME OF LATEST TRANSACTION
control field 20170130164625.0
010 ## - LCCN (DPL NO)
LC control number ENG-117027
020 ## - INTERNATIONAL STANDARD BOOK NUMBER
International Standard Book Number 9788184845525
Terms of availability 750.00
035 ## - SYSTEM CONTROL NUMBER
System control number EN-100559
037 ## - SOURCE OF ACQUISITION
Source of stock number/acquisition DBAD/PUB
082 ## - DEWEY DECIMAL CLASSIFICATION NUMBER
Classification number 510
100 ## - MAIN ENTRY--PERSONAL NAME
Personal name Bhatia,A.S.
245 ## - TITLE STATEMENT
Title Morden speed maths/
Statement of responsibility, etc by A.S. Bhatia
250 ## - EDITION STATEMENT
Edition statement 2nd (Rev.)
260 ## - PUBLICATION, DISTRIBUTION, ETC. (IMPRINT)
Place of publication, distribution, etc New Delhi
Name of publisher, distributor, etc Regal Publications
Date of publication, distribution, etc 2016
270 ## - ADDRESS
Address F-159, Rajouri Garden,
City New Delhi
Postal code 110027
300 ## - PHYSICAL DESCRIPTION
Extent viii,184p.:
Other physical details ill
Dimensions 23cm(Hb)
500 ## - GENERAL NOTE
General note Includes bibliographical references
942 ## - ADDED ENTRY ELEMENTS (KOHA)
Source of classification or shelving scheme Dewey Decimal Classification
Item type English Books
Classification part 510
Call number suffix BHA
Holdings
Withdrawn status Lost status Not for loan Collection code Home library Current library Date acquired Source of acquisition Cost, normal purchase price Full call number Barcode Copy number Cost, replacement price Koha item type
    Not For Loan Non-fiction D.B.Act.Division D.B.Act.Division 09/01/2017 DBAD/PUB 750.00 510 BHA EN-100559 1 750.00 English Books

© Delhi Public Library
Hit Counter
free hit counter